| 000 | 00389nam a2200145 a 4500 | ||
|---|---|---|---|
| 008 | 980727s1976||||xx 0 und c | ||
| 040 |
_aSNK _bslo _cSNK _eAACR2 |
||
| 100 | 1 | _aKabalevskij, Dimitrij | |
| 245 | 1 | 0 |
_aO troch veľrybách a všeličom inom _bkniha o hudbe pre mládež |
| 260 |
_aBratislava _bOPUS _c1976 |
||
| 300 | _a131 s. | ||
| 020 | _c39 | ||
| 041 | _aslo | ||
| 044 |
_axo _cSK |
||
| 999 |
_c15218 _d15218 |
||